Diagnosi estratègica de l'Anoia : Pacte Territorial per a l'Ocupació de l'Anoia : maig de 2004 / realitzat per: ABCN Pacte Territorial per a l'Ocupació de l'Anoia :
MARC
| LEADER | 00000nam a2200000Ia 4500 | ||
|---|---|---|---|
| 001 | 20837 | ||
| 008 | 160829s2004 xx 000 0 cat d | ||
| 080 | |a M-6-97 | ||
| 110 | |a ABCN (Consultoria) |9 7384 | ||
| 245 | |a Diagnosi estratègica de l'Anoia : |b Pacte Territorial per a l'Ocupació de l'Anoia : |b maig de 2004 / realitzat per: |b ABCN | ||
| 260 | |a Barcelona : |b Diputació de Barcelona. Àrea de Promoció Econòmica i Ocupació, |c 2004 | ||
| 300 | |a 180 p. ; |c gràf., quadres ; |c 30 cm | ||
| 490 | |a Diagnosis estratègiques territorials. Document d'estratègies pel territori de l'Anoia | ||
| 650 | 0 | |a Desenvolupament econòmic |9 41370 |x Barcelona (Província) | |
| 650 | 0 | |a Ordenació del territori |z Anoia (Catalunya) |9 41133 | |
| 650 | |a Anoia |x Aspectes socials |9 41135 | ||
| 651 | 0 | |a Anoia (Catalunya) |x Condicions econòmiques |9 56064 | |
| 710 | 1 | |a Barcelona (Catalunya : Província). |b Àrea de Promoció Econòmica i Ocupació |9 17540 | |
| 901 | |a Arxiu | ||
| 942 | |n 1 |2 udc | ||
| 952 | |0 0 |1 0 |4 0 |6 M697 |7 1 |9 50061 |a Arxiu |b Arxiu |d 2016-12-01 |l 0 |o M-6-97 |p 20837 |r 2016-12-01 00:00:00 |w 2016-12-01 |y ARXIU | ||
| 999 | |c 53903 |d 53903 | ||